000 01063cam a2200313Mi 4500
001 76229
005 20230410123621.0
008 040716s2004 sp 000 0 spa d
035 _a(OCoLC)ocn469934307
040 _aBDF
_bfre
_cBDF
020 _a8437058279 (br)
020 _a9788437058276 (br)
035 _a(OCoLC)469934307
050 1 4 _aKKT 1610
_bS487l 2004
100 1 _aSerra Cristóbal, Rosario.
245 1 3 _aLa libertad ideológica del juez /
_cRosario Serra Cristóbal.
260 _aValencia :
_bTirant lo Blanch,
_c2004.
300 _a238 p. ;
_c22 cm.
440 0 _aPropuestas, Monografía
500 _aIncludes bibliographical references (p. [221]-238).
650 0 _aJudges
_zSpain.
650 0 _aJudicial independence
_zSpain.
650 0 _aLiberty of conscience
_zSpain.
760 0 _tPropuestas. Monografia,
_d2004
_w(FrPBN)38955929
856 4 2 _3Notice et cote du catalogue de la Bibliothéque nationale de France
_uhttp://catalogue.bnf.fr/ark:/12148/cb39212258h
942 _2lcc
_cbk
946 _accruz
994 _aC0
_bDRFGD
999 _c64968
_d64968